| 000 | 01081nam a22002655a 4500 | ||
|---|---|---|---|
| 003 | OSt | ||
| 005 | 20170228120010.0 | ||
| 008 | 160828n1977 xx frb 000 0 ara d | ||
| 015 | _a1977 / 5049 | ||
| 020 | _a977722270X | ||
| 040 |
_aEG-ScBUE _bara _cEG-ScBUE |
||
| 043 | _af-ua--- | ||
| 082 | 0 | 4 |
_a346.62044 _bع ل م _222 |
| 100 | 1 | _aعلم الدين، محي الدين إسماعيل. | |
| 245 | 1 | 0 |
_aأصول القانون المدني : _bالحقوق العينية : الأصلية والتبعية / _cمحي الدين إسماعيل علم الدين. |
| 260 |
_a[د. م. : _bد. ن. ، _c1977] |
||
| 300 |
_a702 ص. ؛ _c24 سم. |
||
| 504 | _aيشتمل على إرجاعات ببليوجرافية. | ||
| 650 | 7 |
_aالحقوق العينية التبعية _xقوانين وتشريعات _zمصر. _2BUEsh |
|
| 650 | 7 |
_aالملكية _xقوانين وتشريعات _zمصر. _2BUEsh |
|
| 650 | 7 |
_aالحقوق العينية الأصلية _xقوانين وتشريعات _zمصر. _2BUEsh |
|
| 651 | _2BUEsh | ||
| 653 |
_bLLAAWW _cFebruary2017 |
||
| 942 | _2ddc | ||
| 999 |
_c24265 _d24237 |
||